000 00988nam a22002417a 4500
005 20110429165957.0
008 110429t xxu||||| |||| 00| 0 mar d
010 _aMAR-20787
020 _c140.00
_a9788174344656
035 _aMR-13445
037 _bDBAD / PUB
040 _aDPL
_bMR
082 _a363.73874
100 _aघोरपडे,अभिजित
_927525
245 _aग्लोबल वॉर्मिंग /
_cअभिजित घोरपडे
246 _aGlobal Warming
_bby Abhijit Ghorpade
260 _aपुणे
_bराजहंस प्रकाशन
_c2009
270 _a1025,सदाशिव पेठ
_bपुणे
300 _a168पृ
_c21 सेमी (अजिल्द)
700 _927590
942 _2ddc
_cMR
_mघोरप
_h363.73874
999 _c52096
_d52096